[Event "1.CLZ 10/11,Kobylisy-Vysehrad"]
[Site "?"]
[Round "1.1"]
[Annotator ""]
[Source ""]
[Remark ""]

1.e4 g6 2.d4 Bg7 3.Nc3 d6 4.Be3 a6 5.f4 b5 6.Nf3 Bb7 7.Bd3 Nd7
8.Qe2 c5 9.dxc5 Nxc5 10.Bxc5 dxc5 11.e5 Nh6 12.O-O-O Qb6 13.Be4
O-O 14.Rd7 Bxe4 15.Qxe4 e6 16.Rhd1 c4 17.Qd4 Qa5 18.Kb1 Nf5 19.Qf2
Rfd8 20.g4 Rxd7 21.Rxd7 Nh6 22.h3 Rd8 23.Qd4 Rxd7 24.Qxd7 Bf8
25.Ne4 Qb4 26.c3 Qe7 27.Qc8 Kg7 28.Kc2 Qa7 29.Nd4 Ng8 30.f5 exf5
31.gxf5 Nh6 32.f6+ Kg8 33.Nc6 1-0

[White "Chloupek, Stanislav"]
[Black "Simek, Petr"]
[WhiteElo "2332"]
[BlackElo "2302"]
[Result "1/2-1/2"]
[Date "2010.10.10"]

[Event "1.CLZ 10/11,Kobylisy-Vysehrad"]
[Site "?"]
[Round "1.2"]
[Annotator ""]
[Source ""]
[Remark ""]

1.d4 Nf6 2.Nf3 d5 3.Bg5 Ne4 4.Bf4 c5 5.e3 Qb6 6.Qc1 Nc6 7.c3
Bf5 8.Nbd2 cxd4 9.exd4 Rc8 10.Be2 e6 11.O-O Be7 12.Be3 O-O 13.Re1
Qc7 14.Nf1 Bd6 15.Nh4 Bg6 16.Nxg6 hxg6 17.f3 Nf6 18.Bf2 Nh5 19.Qd1
Na5 20.Bd3 Nc4 21.Bxc4 Qxc4 22.a4 Rc6 23.Ne3 Qa6 24.Qe2 Rfc8
25.Qxa6 Rxa6 26.g3 Nf6 27.Red1 Nd7 28.Be1 Rb6 29.b4 Rbc6 30.a5
Nf6 31.Rab1 e5 32.b5 R6c7 33.dxe5 Bxe5 34.Nxd5 Nxd5 35.Rxd5 Bxc3
36.Bxc3 Rxc3 37.Rd7 Ra3 38.Rxb7 Rxa5 39.b6 axb6 40.R7xb6 Rc2
41.R6b2 Ra2 42.Rxa2 Rxa2 43.Rb8+ Kh7 44.f4 f6 45.Rc8 1/2-1/2

[White "Forman, Stepan"]
[Black "Netusil, Miloslav"]
[WhiteElo "2343"]
[BlackElo "2278"]
[Result "0-1"]
[Date "2010.10.10"]

[Event "1.CLZ 10/11,Kobylisy-Vysehrad"]
[Site "?"]
[Round "1.3"]
[Annotator ""]
[Source ""]
[Remark ""]

1.d4 Nf6 2.Nf3 d6 3.g3 Bg4 4.Bg2 g6 5.c4 c6 6.Nc3 Bg7 7.O-O O-O
8.d5 Nbd7 9.dxc6 bxc6 10.Nd4 Ne5 11.Bf4 Nxc4 12.Nxc6 Qd7 13.Qb3
Nb6 14.Rad1 Be6 15.Qb4 Rac8 16.Nxe7+ Qxe7 17.Bxd6 Qe8 18.b3 Rxc3
19.Qxc3 Ne4 20.Qa5 Nxd6 21.Rxd6 Qe7 22.Rd3 Rc8 23.Rfd1 h5 24.Qd2
Bf5 25.Rd8+ Kh7 26.Rxc8 Nxc8 27.e4 Bg4 28.f3 Be6 29.f4 Bg4 30.Rc1
Nd6 31.e5 Ne8 32.Be4 Bf8 33.Kg2 Qe6 34.Rc6 Bh3+ 35.Kf2 Qe7 36.Qd3
Ng7 37.Qc2 Qb4 38.Kf3 Nf5 39.Bxf5 Bxf5 40.Qc4 Qe1 41.Qxf7+ Bg7
42.Qc4 Bg4+ 43.Kg2 Qd2+ 44.Kg1 Bf3 45.Kf1 Bg2+ 46.Kg1 Bh3 47.Qe4
Qd1+ 48.Kf2 Qf1+ 49.Ke3 Qe1+ 50.Kd4 Qxe4+ 51.Kxe4 Bg2+ 52.Kd4
Bxc6 53.Kc5 Be8 54.Kd6 Bf8+ 55.Kc7 Kg7 56.h3 Kf7 0-1

[White "Tichy, Vladimir"]
[Black "Schula, Michal"]
[WhiteElo "2275"]
[BlackElo "2300"]
[Result "1-0"]
[Date "2010.10.10"]

[Event "1.CLZ 10/11,Kobylisy-Vysehrad"]
[Site "?"]
[Round "1.4"]
[Annotator ""]
[Source ""]
[Remark ""]

1.d4 f5 2.Nf3 Nf6 3.c4 g6 4.Nc3 d6 5.d5 Bg7 6.g3 O-O 7.Bg2 a5
8.O-O Qe8 9.Nd4 Na6 10.Rb1 Bd7 11.b3 Nc5 12.Bb2 g5 13.a3 Qg6
14.b4 Nce4 15.Nxe4 Nxe4 16.Qd3 axb4 17.axb4 g4 18.f3 Nf6 19.e4
fxe4 20.fxe4 Nh5 21.Nf5 Bxf5 22.exf5 Qg5 23.Bc1 Qf6 24.Qe2 Rf7
25.Qxg4 Qd4+ 26.Qxd4 Bxd4+ 27.Kh1 Ra2 28.g4 Nf6 29.h3 Nd7 30.Bh6
b6 31.Rfd1 Bc3 32.c5 bxc5 33.bxc5 Bg7 34.c6 Nb6 35.Be3 Nc4 36.Bg1
Na5 37.Rb8+ Rf8 38.Rdb1 Rxb8 39.Rxb8+ Kf7 40.Be4 Nc4 41.g5 Be5
42.f6 Nd2 43.fxe7 Kxe7 44.Bg2 Ra1 45.Rb4 Rc1 46.h4 Nc4 47.Bf1
Nd2 48.Be2 Re1 49.Bh5 Ne4 50.Kg2 Nc3 51.Bf3 Ra1 52.Rb7 Kd8 53.Be3
Ra2+ 54.Kh3 Ra3 55.Kg4 Nxd5 56.Bxd5 Rxe3 57.Rb8+ Ke7 58.Rc8 Rd3
59.Rxc7+ Ke8 60.Kf5 Bg3 61.Be4 Rc3 62.Rxh7 Rc5+ 63.Kg4 Bh2 64.c7
d5 65.Bg6+ 1-0

[White "Kopta, Pavel"]
[Black "Chalupa, Ivan"]
[WhiteElo "2287"]
[BlackElo "2161"]
[Result "1/2-1/2"]
[Date "2010.10.10"]

[Event "1.CLZ 10/11,Kobylisy-Vysehrad"]
[Site "?"]
[Round "1.5"]
[Annotator ""]
[Source ""]
[Remark ""]

1.d4 d5 2.c4 dxc4 3.g3 e5 4.d5 c6 5.Nc3 Nf6 6.Bg2 Bb4 7.Bg5 Qa5
8.Bxf6 Bxc3+ 9.bxc3 Qxc3+ 10.Kf1 gxf6 11.Rc1 Qb4 12.h4 c3 13.h5
Rg8 14.Qc2 1/2-1/2

[White "Vanek, Petr"]
[Black "Dvorak, Jan"]
[WhiteElo "2169"]
[BlackElo "2175"]
[Result "1/2-1/2"]
[Date "2010.10.10"]

[Event "1.CLZ 10/11,Kobylisy-Vysehrad"]
[Site "?"]
[Round "1.6"]
[Annotator ""]
[Source ""]
[Remark ""]

1.e4 e6 2.d4 d5 3.Nc3 Bb4 4.e5 Ne7 5.Bd2 Bd7 6.Nf3 a6 7.Ne2 Bxd2+
8.Qxd2 c5 9.c3 Bb5 10.dxc5 Qc7 11.Ned4 Bxf1 12.Kxf1 Qxc5 13.g3
Nd7 14.Kg2 Rc8 1/2-1/2

[White "Jancarik, Joel"]
[Black "Pilar, Miloslav"]
[WhiteElo "2205"]
[BlackElo "2287"]
[Result "1-0"]
[Date "2010.10.10"]

[Event "1.CLZ 10/11,Kobylisy-Vysehrad"]
[Site "?"]
[Round "1.7"]
[Annotator ""]
[Source ""]
[Remark ""]

1.e4 e6 2.d4 d5 3.Nc3 Bb4 4.e5 c5 5.a3 Bxc3+ 6.bxc3 Ne7 7.Nf3
Qc7 8.a4 Nbc6 9.Qd2 Bd7 10.Ba3 c4 11.Be2 h6 12.O-O O-O-O 13.a5
Rde8 14.Rfb1 Nxa5 15.Qc1 Nec6 16.Bd6 Qd8 17.Qa3 b6 18.Nd2 Kb7
19.Nxc4 Ka8 20.Ne3 Qc8 21.Qb2 Qb7 22.c4 dxc4 23.Bf3 Qa6 24.Nxc4
Qxc4 25.Rxa5 Kb7 26.Rxa7+ 1-0

[White "Vichnar, David"]
[Black "Janda, Jiri"]
[WhiteElo "2223"]
[BlackElo "2221"]
[Result "1/2-1/2"]
[Date "2010.10.10"]

[Event "1.CLZ 10/11,Kobylisy-Vysehrad"]
[Site "?"]
[Round "1.8"]
[Annotator ""]
[Source ""]
[Remark ""]

1.d4 Nf6 2.Nf3 g6 3.c4 Bg7 4.g3 O-O 5.Bg2 d6 6.O-O Nc6 7.Nc3
a6 8.e4 Bg4 9.h3 Bxf3 10.Bxf3 e5 11.d5 Nd4 12.Bg2 Nd7 13.Be3
c5 14.dxc6 bxc6 15.f4 Rb8 16.Rf2 Qa5 17.a3 Qc7 18.b4 Nb6 19.Bf1
c5 20.b5 a5 21.Rb1 Qd7 22.Bd2 Ra8 23.Kh2 f5 24.Bd3 Rae8 25.fxe5
fxe4 26.Nxe4 Rxf2+ 27.Nxf2 Bxe5 28.Kg2 Rf8 29.Qg4 Qb7+ 30.Qe4
Qf7 31.Ng4 Qf3+ 32.Qxf3 Rxf3 33.Nxe5 dxe5 34.Bxa5 Rxd3 35.Bxb6
Rd2+ 36.Kf1 Rh2 37.Re1 Rh1+ 38.Kf2 Rh2+ 39.Kf1 Rh1+ 40.Kf2 Rh2+ 1/2-1/2

[White "Hinks-Edwards, Thomas"]
[Black "Cifka, Stanislav"]
[WhiteElo "2383"]
[BlackElo "2410"]
[Result "0-1"]
[Date "2010.10.31"]

[Event "1.CLZ 10/11,Praha - Kobylisy-Ceske Budejovice"]
[Site "?"]
[Round "2.1"]
[Annotator ""]
[Source ""]
[Remark ""]

1.e4 e5 2.Nf3 Nc6 3.Bb5 Nf6 4.O-O Nxe4 5.Re1 Nd6 6.Nxe5 Nxe5
7.Rxe5+ Be7 8.Bf1 O-O 9.d4 Bf6 10.Re1 Re8 11.c3 Rxe1 12.Qxe1
Qe7 13.Qd1 Ne4 14.f3 Nd6 15.Bd3 b5 16.Bf4 Bb7 17.Na3 a6 18.Qd2
Bd5 19.Re1 Qf8 20.Bb1 Re8 21.Bxd6 cxd6 22.Nc2 g6 23.Rxe8 Qxe8
24.Kf2 Qe6 25.a3 Bh4+ 26.Kg1 Qf5 27.a4 bxa4 28.Na3 Qg5 29.Qxg5
Bxg5 30.Bd3 Bc1 31.Nc4 Bc6 32.Bc2 Bxb2 33.Bxa4 Bxc3 34.Bb3 Bxd4+
35.Kf1 d5 36.Na3 Kf8 37.Ke2 Ke7 0-1

[White "Havlik, Jan"]
[Black "Simek, Petr"]
[WhiteElo "2373"]
[BlackElo "2302"]
[Result "1/2-1/2"]
[Date "2010.10.31"]

[Event "1.CLZ 10/11,Praha - Kobylisy-Ceske Budejovice"]
[Site "?"]
[Round "2.2"]
[Annotator ""]
[Source ""]
[Remark ""]

1.e4 e5 2.Nf3 Nc6 3.Bb5 a6 4.Ba4 Nf6 5.d4 exd4 6.O-O Be7 7.Qe2
O-O 8.e5 Nd5 9.Rd1 b5 10.Bb3 Nb6 11.c3 d5 12.cxd4 Bf5 13.Be3
Nc4 14.Nc3 Qd7 15.Rac1 Nd8 16.h3 h6 17.Bc2 c6 18.b3 Nb6 19.Nh2
Rc8 20.Qh5 Bxc2 21.Rxc2 Qe8 22.Qf5 Rc7 23.Ng4 Qd7 24.Qh5 Qe8
25.Qf5 Qd7 26.Qh5 Qe8 1/2-1/2

[White "Forman, Stepan"]
[Black "Vybiral, Zdenek"]
[WhiteElo "2343"]
[BlackElo "2217"]
[Result "1-0"]
[Date "2010.10.31"]

[Event "1.CLZ 10/11,Praha - Kobylisy-Ceske Budejovice"]
[Site "?"]
[Round "2.3"]
[Annotator ""]
[Source ""]
[Remark ""]

1.d4 e6 2.Nf3 f5 3.c4 Nf6 4.Bf4 b6 5.g3 Bb7 6.Bg2 Bb4+ 7.Nbd2
O-O 8.O-O a5 9.a3 Be7 10.d5 exd5 11.Nd4 g6 12.Qb3 a4 13.Qa2 Ra5
14.Rac1 Na6 15.cxd5 Bxd5 16.Bxd5+ Rxd5 17.e4 fxe4 18.Nxe4 Kg7
19.Rfd1 c6 20.Nc3 Nc5 21.Nxd5 Nxd5 22.Be5+ Bf6 23.Bd6 Be7 24.Bxe7
Qxe7 25.Rc2 Qg5 26.Qc4 Qg4 27.Qe2 Qg5 28.Re1 Kg8 29.Qe5 Qg4 30.f3
Nd3 31.fxg4 1-0

[White "Tupy, Martin"]
[Black "Schula, Michal"]
[WhiteElo "2273"]
[BlackElo "2300"]
[Result "0-1"]
[Date "2010.10.31"]

[Event "1.CLZ 10/11,Praha - Kobylisy-Ceske Budejovice"]
[Site "?"]
[Round "2.4"]
[Annotator ""]
[Source ""]
[Remark ""]

1.d4 f5 2.g3 Nf6 3.Bg2 g6 4.Nh3 Bg7 5.c3 Nc6 6.Bf4 e6 7.Nd2 d6
8.Qb3 Qe7 9.Nc4 O-O 10.Bg5 Kh8 11.Nf4 e5 12.Nd5 Qf7 13.Bxf6 Bxf6
14.Nxf6 Qxf6 15.d5 Nd8 16.O-O-O Bd7 17.h4 a5 18.f4 b5 19.Nd2
Nb7 20.Qc2 Nc5 21.Rdf1 b4 22.c4 a4 23.Kb1 Rab8 24.h5 g5 25.h6
gxf4 26.gxf4 e4 27.Rfg1 Rg8 28.Qc1 a3 29.b3 e3 30.Nf1 Nxb3 0-1

[White "Kopta, Pavel"]
[Black "Cuhra, Martin"]
[WhiteElo "2287"]
[BlackElo "2178"]
[Result "1-0"]
[Date "2010.10.31"]

[Event "1.CLZ 10/11,Praha - Kobylisy-Ceske Budejovice"]
[Site "?"]
[Round "2.5"]
[Annotator ""]
[Source ""]
[Remark ""]

1.d4 d5 2.Nf3 Nf6 3.c4 c6 4.Nc3 dxc4 5.a4 Bf5 6.e3 e6 7.Bxc4
Bb4 8.O-O O-O 9.Qe2 Nbd7 10.e4 Bg6 11.e5 Nd5 12.Ne4 Rc8 13.Rd1
Qc7 14.Nh4 Ne7 15.Bg5 Nb6 16.Nxg6 hxg6 17.Bb3 Nbd5 18.Rac1 Qb6
19.Rd3 Nf5 20.Rcd1 Be7 21.Bxe7 Ndxe7 22.g4 Nxd4 23.Rxd4 Qxb3
24.R1d3 Qb6 25.Nf6+ gxf6 26.exf6 Qc5 27.Qd2 Nf5 28.Qg5 Rfe8 29.Rd7
Qe5 30.Re3 Qc5 31.Rh3 Qe5 32.gxf5 Qe1+ 33.Kg2 Qe4+ 34.Rf3 exf5
35.Qh6 Qg4+ 36.Rg3 Qe4+ 37.Kh3 1-0

[White "Richtrova, Eliska"]
[Black "Paulovic, Martin"]
[WhiteElo "2271"]
[BlackElo "2166"]
[Result "1-0"]
[Date "2010.10.31"]

[Event "1.CLZ 10/11,Praha - Kobylisy-Ceske Budejovice"]
[Site "?"]
[Round "2.6"]
[Annotator ""]
[Source ""]
[Remark ""]

1.d4 Nf6 2.g3 g6 3.Bg2 Bg7 4.e4 d6 5.Nc3 Na6 6.Nge2 O-O 7.O-O
e5 8.h3 exd4 9.Nxd4 Nc5 10.Nb3 Nfd7 11.Be3 Ne6 12.Qe2 Re8 13.Rad1
Nb6 14.f4 c6 15.Qd3 Bf8 16.Kh2 Qc7 17.f5 Ng7 18.Nd4 Nd7 19.Bh6
Ne5 20.Qd2 Nc4 21.Qc1 Nh5 22.Bxf8 Rxf8 23.b3 d5 24.Nce2 Nd6 25.fxg6
hxg6 26.exd5 c5 27.Nf3 Ne4 28.d6 Nxd6 29.Nf4 Ne4 30.Nxh5 gxh5
31.Qf4 Qxf4 32.gxf4 Nf6 33.Rd6 Ne4 34.Rd5 f5 35.Nh4 b6 36.Rg1
Kf7 37.Nxf5 Bxf5 38.Rxf5+ Nf6 39.Bd5+ Ke7 40.Rg7+ 1-0

[White "Jancarik, Joel"]
[Black "Blazek, Jiri"]
[WhiteElo "2205"]
[BlackElo "2239"]
[Result "1-0"]
[Date "2010.10.31"]

[Event "1.CLZ 10/11,Praha - Kobylisy-Ceske Budejovice"]
[Site "?"]
[Round "2.7"]
[Annotator ""]
[Source ""]
[Remark ""]

1.e4 c5 2.Nf3 d6 3.d4 cxd4 4.Nxd4 Nf6 5.Nc3 a6 6.Bc4 e6 7.Bb3
Nbd7 8.Bg5 Nc5 9.Qe2 Be7 10.f4 h6 11.Bxf6 Bxf6 12.O-O-O Qc7 13.f5
Nxb3+ 14.cxb3 O-O 15.g4 Qe7 16.Qd3 Bd7 17.Kb1 Rac8 18.h4 Bc6
19.Nxc6 Rxc6 20.g5 Be5 21.Qf3 Bxc3 22.bxc3 exf5 23.exf5 Qe5 24.c4
Re8 25.gxh6 Qf6 26.hxg7 Re5 27.Rdf1 Rcc5 28.Qxb7 Re2 29.Qb8+
Kxg7 30.Rfg1+ Kh6 31.Qf8+ Kh7 32.Qg8+ Kh6 33.Qg5+ Qxg5 34.hxg5+
Kg7 35.f6+ Kg6 36.Rh6+ Kf5 37.g6 Rc8 38.g7 Rg8 39.Rf1+ Kg5 40.Rh8
Ree8 41.Rxg8 1-0

[White "Rajnys, Vladimir"]
[Black "Janda, Jiri"]
[WhiteElo "2047"]
[BlackElo "2221"]
[Result "1/2-1/2"]
[Date "2010.10.31"]

[Event "1.CLZ 10/11,Praha - Kobylisy-Ceske Budejovice"]
[Site "?"]
[Round "2.8"]
[Annotator ""]
[Source ""]
[Remark ""]

1.e4 c5 2.Nc3 Nc6 3.g3 g6 4.Bg2 Bg7 5.d3 d6 6.Nge2 e5 7.Be3 Nge7
8.O-O Be6 9.Qd2 Nd4 10.Nd1 Qd7 11.c3 Nxe2+ 12.Qxe2 O-O 13.f4
Rac8 14.Nf2 f5 15.Rfd1 Qb5 16.Qd2 Rfd8 17.d4 cxd4 18.cxd4 d5
19.Bf1 Qe8 20.exf5 Bxf5 21.dxe5 Rc2 22.Qb4 Nc6 23.Qb3 Na5 24.Qa3
Nc4 25.Bxc4 dxc4 26.Rxd8 Qxd8 27.Rd1 Qc7 28.Bd4 Bf8 29.Qe3 Qc6
30.Re1 Bb4 31.Re2 Rxe2 32.Qxe2 Qd5 33.Qe3 Be1 34.Bc3 Bxf2+ 35.Kxf2
Qh1 36.Qf3 Qxh2+ 37.Qg2 Qxg2+ 38.Kxg2 Kf7 1/2-1/2

[White "Jirka, Jiri"]
[Black "Hinks-Edwards, Thomas"]
[WhiteElo "2406"]
[BlackElo "2383"]
[Result "1-0"]
[Date "2010.11.14"]

[Event "1.CLZ 10/11,Bohemians Praha-Praha - Kobylisy"]
[Site "?"]
[Round "3.1"]
[Annotator ""]
[Source ""]
[Remark ""]

1.d4 Nf6 2.c4 e6 3.g3 d5 4.Bg2 dxc4 5.Nf3 Nc6 6.O-O Rb8 7.Nc3
b5 8.Ne5 Nxe5 9.dxe5 Nd7 10.Qd4 Bb7 11.Bxb7 Rxb7 12.Qe4 Qc8 13.a4
c6 14.Be3 Bb4 15.Qg4 Kf8 16.Qe4 f5 17.exf6 Nxf6 18.Qf3 Bxc3 19.bxc3
Kf7 20.Rfd1 Rf8 21.Bc5 Re8 22.Rd6 Rc7 23.Rad1 Kg8 24.Bd4 Nd5
25.Be5 bxa4 26.Qg4 Rf7 27.Qxc4 a3 28.Rxc6 Qb7 29.Qa4 Ref8 30.Bd4
Nb6 31.Qb5 Rd8 32.Rxe6 a2 33.Re8+ Rf8 34.Rxf8+ Rxf8 35.Qa5 1-0

[White "Simek, Petr"]
[Black "Sodoma, Jan"]
[WhiteElo "2302"]
[BlackElo "2343"]
[Result "1/2-1/2"]
[Date "2010.11.14"]

[Event "1.CLZ 10/11,Bohemians Praha-Praha - Kobylisy"]
[Site "?"]
[Round "3.2"]
[Annotator ""]
[Source ""]
[Remark ""]

1.e4 e5 2.Nf3 Nc6 3.Bb5 a6 4.Ba4 Nf6 5.Qe2 b5 6.Bb3 Be7 7.c3
O-O 8.d4 d6 9.O-O Bg4 10.Rd1 exd4 11.cxd4 d5 12.e5 Ne4 13.a4
Rb8 14.axb5 axb5 15.h3 Bh5 16.Be3 Nb4 17.Nc3 Qd7 18.Ra7 Nc6 19.Ra6
Nb4 20.Ra7 Nc6 21.Ra6 Nb4 22.Ra7 Nc6 1/2-1/2

[White "Trickov, Vasil"]
[Black "Forman, Stepan"]
[WhiteElo "2324"]
[BlackElo "2343"]
[Result "1/2-1/2"]
[Date "2010.11.14"]

[Event "1.CLZ 10/11,Bohemians Praha-Praha - Kobylisy"]
[Site "?"]
[Round "3.3"]
[Annotator ""]
[Source ""]
[Remark ""]

1.d4 f5 2.Nf3 Nf6 3.g3 g6 4.Bg2 Bg7 5.O-O O-O 6.c3 a5 7.a4 d5
8.Bf4 e6 9.Qc1 Nc6 10.Bh6 Bxh6 11.Qxh6 Qe7 12.Nbd2 e5 13.Nxe5
Nxe5 14.dxe5 Qxe5 15.Nf3 Qe7 16.e3 Ne4 17.Rfd1 Be6 18.h4 Ra6
19.Qf4 Rb6 20.Qe5 Qg7 21.Qxg7+ Kxg7 22.Nd4 Bf7 23.Rab1 Be8 24.Bxe4
fxe4 25.Ne2 Bxa4 26.Rxd5 Rf5 27.Rd2 Be8 28.Nd4 Re5 29.Ra1 a4
30.Ra2 Rd6 31.b4 b5 32.Kf1 Bf7 33.Ra1 Bc4+ 34.Ke1 g5 35.hxg5
Rxg5 36.Kd1 Rh5 37.Kc1 Rf6 38.Kc2 Rh2 39.f4 Bd3+ 40.Kc1 Rh3 41.g4
Kf7 42.g5 Ra6 43.Rxd3 exd3 44.Kd2 c6 45.Ra3 h6 46.gxh6 Rxh6 47.Kxd3
Ra8 48.c4 c5 49.bxc5 b4 50.Ra1 Rh3 51.c6 Re8 52.c5 Rhxe3+ 53.Kc4
a3 54.Kxb4 R3e4 55.Kc3 Rxf4 56.c7 Kf6 57.Kc4 Ke5 58.Re1+ Re4
59.Rxe4+ Kxe4 60.Nb5 Ke5 61.Nxa3 Rc8 62.Nb5 Ke6 63.c6 Rxc7 1/2-1/2

[White "Schula, Michal"]
[Black "Kukel, Imre"]
[WhiteElo "2300"]
[BlackElo "2277"]
[Result "1-0"]
[Date "2010.11.14"]

[Event "1.CLZ 10/11,Bohemians Praha-Praha - Kobylisy"]
[Site "?"]
[Round "3.4"]
[Annotator ""]
[Source ""]
[Remark ""]

1.f4 d5 2.Nf3 c5 3.g3 Nc6 4.d3 Nf6 5.Bg2 g6 6.O-O Bg7 7.Qe1 d4
8.a4 O-O 9.Na3 Be6 10.h3 h5 11.Bd2 Qd7 12.Kh2 Bd5 13.Qf2 Rae8
14.e4 dxe3 15.Bxe3 b6 16.Nh4 e6 17.Nc4 Qc7 18.c3 Rd8 19.Qe2 Rd7
20.Rad1 Rfd8 21.Nf3 Bxc4 22.dxc4 Rxd1 23.Rxd1 Rxd1 24.Qxd1 Qd7
25.Qxd7 Nxd7 26.Nd2 Ndb8 27.g4 hxg4 28.hxg4 Kf8 29.Kg3 Ke7 30.Kf2
Kd7 31.Ke2 Bf6 32.Kd3 Be7 33.Nf3 f5 34.gxf5 gxf5 35.Bf2 Kd6 36.Bg3
Nd7 37.Ng5 Bxg5 38.fxg5+ Nce5+ 39.Ke2 Ke7 40.b3 Ng6 41.Bc7 Nde5
42.Bb8 a5 43.Bc7 Nd7 44.Bc6 Nge5 45.Bb5 Kf7 46.b4 cxb4 47.cxb4
axb4 48.c5 b3 49.Kd1 Nxc5 50.Bxe5 Ne4 51.Bd4 f4 52.Bxb6 f3 53.Kc1
Kg6 54.Bd3 1-0

[White "Znamenacek, Kvetoslav"]
[Black "Kopta, Pavel"]
[WhiteElo "2306"]
[BlackElo "2287"]
[Result "1/2-1/2"]
[Date "2010.11.14"]

[Event "1.CLZ 10/11,Bohemians Praha-Praha - Kobylisy"]
[Site "?"]
[Round "3.5"]
[Annotator ""]
[Source ""]
[Remark ""]

1.Nf3 g6 2.c4 Bg7 3.Nc3 e5 4.d4 exd4 5.Nxd4 Nc6 6.Nxc6 bxc6 7.e4
Ne7 8.Be2 Rb8 9.O-O c5 10.Qd2 Bb7 11.b3 O-O 12.Bb2 Nc6 13.Rae1
Nd4 14.Bd3 d6 15.f4 Qh4 16.Ne2 Rfe8 17.Bb1 Nxe2+ 18.Rxe2 Bxb2
19.Qxb2 Re6 20.g3 Qe7 21.Rfe1 Re8 22.Bd3 Qd7 23.h4 h5 1/2-1/2

[White "Dvorak, Jan"]
[Black "Erneker, Josef"]
[WhiteElo "2175"]
[BlackElo "2306"]
[Result "0-1"]
[Date "2010.11.14"]

[Event "1.CLZ 10/11,Bohemians Praha-Praha - Kobylisy"]
[Site "?"]
[Round "3.6"]
[Annotator ""]
[Source ""]
[Remark ""]

1.d4 d5 2.Nf3 Nf6 3.c4 e6 4.Bg5 Be7 5.Nc3 O-O 6.cxd5 exd5 7.e3
Nbd7 8.Bd3 Re8 9.O-O c6 10.Qc2 Nf8 11.Bxf6 Bxf6 12.b4 a6 13.Na4
Be7 14.Rab1 Bd6 15.Rfc1 Bg4 16.Nd2 Qh4 17.Nf1 Qg5 18.f4 Qe7 19.Nc5
Bc8 20.a4 b6 21.Nb3 Bd7 22.a5 Bxb4 23.axb6 Reb8 24.b7 Rxb7 25.Nc5
Rb6 26.Nxd7 Qxd7 27.Qa4 a5 28.Rc2 g6 29.f5 c5 30.Qxd7 Nxd7 31.dxc5
Nxc5 32.Be2 Ne4 33.fxg6 hxg6 34.Ng3 Bc5 35.Rxb6 Bxe3+ 36.Kf1
Nxg3+ 37.hxg3 Bxb6 38.Rc6 Be3 39.Bf3 d4 40.Rxg6+ fxg6 41.Bxa8
Kf7 42.Bd5+ Kf6 43.Ke2 Kf5 44.Kf3 g5 45.g4+ Ke5 46.Bb3 Bc1 47.Bc4
a4 48.Bb5 a3 49.Bc4 d3 0-1

[White "Vorisek, Jaroslav"]
[Black "Paulovic, Martin"]
[WhiteElo "2233"]
[BlackElo "2166"]
[Result "1-0"]
[Date "2010.11.14"]

[Event "1.CLZ 10/11,Bohemians Praha-Praha - Kobylisy"]
[Site "?"]
[Round "3.7"]
[Annotator ""]
[Source ""]
[Remark ""]

1.d4 f5 2.Nf3 Nf6 3.g3 g6 4.Bg2 Bg7 5.c4 O-O 6.O-O d6 7.Nc3 c6
8.Qc2 Qe8 9.b3 Na6 10.Ba3 Bd7 11.Rae1 b5 12.Bb2 b4 13.Nb1 Ne4
14.Nbd2 d5 15.Qd3 Nac5 16.dxc5 Bxb2 17.cxd5 cxd5 18.Qxd5+ e6
19.Qc4 Bc3 20.Nxe4 fxe4 21.Ng5 Bxe1 22.Rxe1 e3 23.f4 Rc8 24.Rd1
Rf5 25.Ne4 Bb5 26.Qxb4 Bxe2 27.Re1 Qb5 28.Qxb5 Bxb5 29.b4 e2
30.Nd6 Rb8 31.Nxf5 gxf5 32.Kf2 Kf7 33.a3 Ke7 34.Bf3 a5 35.Rb1
Rd8 36.Rb2 axb4 37.axb4 Rd1 38.Bxe2 Bxe2 39.Kxe2 Rd5 40.Rd2 1-0

[White "Janda, Jiri"]
[Black "Matejka, Petr"]
[WhiteElo "2221"]
[BlackElo "2151"]
[Result "1-0"]
[Date "2010.11.14"]

[Event "1.CLZ 10/11,Bohemians Praha-Praha - Kobylisy"]
[Site "?"]
[Round "3.8"]
[Annotator ""]
[Source ""]
[Remark ""]

1.e4 c6 2.d4 d5 3.exd5 cxd5 4.Nf3 Nf6 5.Ne5 a6 6.Bd3 Nc6 7.c3
g6 8.Qe2 Bg7 9.f4 Qb6 10.O-O Nxe5 11.fxe5 Nd7 12.Kh1 O-O 13.Nd2
Qe6 14.Nf3 Nb6 15.b3 h6 16.Ba3 Bd7 17.Bc5 Rac8 18.Rac1 Na8 19.c4
Bc6 20.Nh4 Rc7 21.Rf2 b6 22.Bb4 b5 23.c5 Bd7 24.h3 Qc6 25.Rcf1
Ra7 26.Bd2 Nc7 27.Qe3 a5 28.Qg3 Be8 29.Nf3 Bd7 30.Qh4 Be8 31.Bxh6
Ne6 32.Ng5 Nxg5 33.Qxg5 b4 34.Bxg6 Qxg6 35.Qxg6 fxg6 36.Rxf8+
Bxf8 37.Rxf8+ Kh7 38.Rxe8 Kxh6 39.Rd8 1-0

[White "Hinks-Edwards, Thomas"]
[Black "Votava, Jan"]
[WhiteElo "2383"]
[BlackElo "2579"]
[Result "0-1"]
[Date "2010.11.28"]

[Event "1.CLZ 10/11,Praha Kobylisy-Holdia DP Praha B"]
[Site "?"]
[Round "4.1"]
[Annotator ""]
[Source ""]
[Remark ""]

1.e4 e5 2.Nf3 Nc6 3.Bb5 a6 4.Ba4 Nf6 5.O-O Be7 6.Qe2 b5 7.Bb3
O-O 8.c3 Re8 9.d3 Bf8 10.Rd1 Na5 11.Bc2 c5 12.Bg5 h6 13.Bh4 Qb6
14.Nbd2 Nh5 15.d4 cxd4 16.cxd4 Nf4 17.Qe3 g5 18.Bg3 exd4 19.Qe1
d3 20.Bb3 Ne2+ 21.Kh1 Bb7 22.e5 Qc6 23.Rac1 Nxc1 24.Rxc1 Qg6
25.Qf1 Rac8 26.Rd1 Nc4 0-1

[White "Hausner, Ivan"]
[Black "Simek, Petr"]
[WhiteElo "2437"]
[BlackElo "2302"]
[Result "1/2-1/2"]
[Date "2010.11.28"]

[Event "1.CLZ 10/11,Praha Kobylisy-Holdia DP Praha B"]
[Site "?"]
[Round "4.2"]
[Annotator ""]
[Source ""]
[Remark ""]

1.f4 d5 2.Nf3 c6 3.b3 Bg4 4.e3 Nd7 5.Bb2 e6 6.Be2 f6 7.Nd4 Bxe2
8.Qxe2 Qe7 9.Qh5+ Qf7 10.Qh3 f5 11.d3 Nh6 12.Nd2 O-O-O 13.N2f3
Re8 14.O-O-O Bd6 15.Rhf1 Qg6 16.Kb1 Re7 17.e4 Rf8 18.exf5 exf5
19.Rde1 Rxe1+ 20.Rxe1 Qg4 21.Ne6 Qxh3 22.gxh3 Re8 23.Bxg7 Nf7
24.Bc3 Nd8 25.Ng7 Rxe1+ 26.Bxe1 Bxf4 27.Nxf5 Ne5 28.Nxe5 Bxe5
29.Bg3 Bc3 30.Bf2 a6 31.Bd4 Bd2 32.Be3 Bc3 33.Nh4 Kd7 34.Nf3
Nf7 35.Kc1 Ke6 36.Kd1 Kf5 37.Ke2 Ne5 38.Ng1 Ng6 39.Kf2 Be5 40.Nf3
Bf6 41.Kg3 h5 42.Ba7 Be5+ 43.Nxe5 Kxe5 44.Kf3 Nh4+ 45.Kf2 Kd6
46.Kg3 Ng6 47.Kf3 Ke5 48.Ke3 Nf8 49.c4 Nd7 50.Bd4+ Kf5 51.cxd5
cxd5 52.Bc3 Nf8 53.Kd4 Ke6 54.Bb4 Nd7 55.Ba3 Nf6 56.Ke3 Kf5 57.Bb2
Nd7 58.Kd4 1/2-1/2

[White "Forman, Stepan"]
[Black "Pribyl, Josef"]
[WhiteElo "2343"]
[BlackElo "2342"]
[Result "1/2-1/2"]
[Date "2010.11.28"]

[Event "1.CLZ 10/11,Praha Kobylisy-Holdia DP Praha B"]
[Site "?"]
[Round "4.3"]
[Annotator ""]
[Source ""]
[Remark ""]

1.Nf3 Nf6 2.c4 g6 3.g3 Bg7 4.Bg2 O-O 5.O-O d5 6.d4 dxc4 7.Na3
Nc6 8.Nxc4 Be6 9.b3 a5 10.Bb2 a4 11.Ng5 Bd7 1/2-1/2

[White "Freisler, Pavel"]
[Black "Schula, Michal"]
[WhiteElo "2337"]
[BlackElo "2300"]
[Result "1-0"]
[Date "2010.11.28"]

[Event "1.CLZ 10/11,Praha Kobylisy-Holdia DP Praha B"]
[Site "?"]
[Round "4.4"]
[Annotator ""]
[Source ""]
[Remark ""]

1.Nf3 f5 2.g3 Nf6 3.Bg2 g6 4.d4 Bg7 5.O-O O-O 6.c4 d6 7.Nc3 Qe8
8.Nd5 Na6 9.Nxf6+ Bxf6 10.Bh6 Bg7 11.Bxg7 Kxg7 12.d5 e5 13.dxe6
Qxe6 14.Rc1 Qf6 15.Nd4 c6 16.a3 Nc7 17.b4 a6 18.e3 Rd8 19.Qb3
Be6 20.Rfd1 Bf7 21.a4 d5 22.c5 Ne6 23.b5 axb5 24.axb5 Nxd4 25.Rxd4
Ra5 26.bxc6 bxc6 27.Rb4 Rda8 28.Rb7 Ra1 29.Rxa1 Rxa1+ 30.Bf1
g5 31.Kg2 h5 32.Be2 Kh6 33.Rd7 Be6 34.Rd6 f4 35.exf4 gxf4 36.Qf3
Kg7 37.Qxh5 d4 38.Bg4 fxg3 39.hxg3 Bd5+ 40.f3 Ra2+ 41.Kh3 Bf7
42.Rxf6 Bxh5 43.Rxc6 Bg6 44.Rd6 d3 45.c6 Rc2 46.Rd7+ Kf6 47.c7
d2 48.f4 Be4 49.Rd6+ Ke7 50.Rxd2 Rxc7 51.Re2 1-0

[White "Kopta, Pavel"]
[Black "Pribyl, Martin"]
[WhiteElo "2287"]
[BlackElo "2354"]
[Result "1-0"]
[Date "2010.11.28"]

[Event "1.CLZ 10/11,Praha Kobylisy-Holdia DP Praha B"]
[Site "?"]
[Round "4.5"]
[Annotator ""]
[Source ""]
[Remark ""]

1.d4 Nf6 2.c4 g6 3.Nc3 d5 4.Bf4 Bg7 5.Rc1 O-O 6.e3 c5 7.dxc5
Be6 8.Nf3 Nc6 9.Be2 Ne4 10.Nd4 Nxd4 11.exd4 Nxc3 12.bxc3 dxc4
13.Qa4 Bd5 14.O-O Qe8 15.Qb4 Qc6 16.f3 a5 17.Qb6 Qxb6 18.cxb6
Rfe8 19.Rfd1 e5 20.dxe5 Bxe5 21.Bxe5 Rxe5 22.Kf2 Rae8 23.Rd2
g5 24.Rb1 Be6 25.Rbb2 f5 26.f4 gxf4 27.Bf3 Re7 28.Re2 Rc5 29.Bxb7
Rxb7 30.Rxe6 Kf7 31.Rh6 Kg7 32.Rd6 Kf7 33.Kf3 Ke7 34.Rh6 Kd8
35.Kxf4 Kc8 36.Rf6 a4 37.Rb4 a3 38.g3 Rb8 39.Rf8+ Kb7 40.Rf7+
Kc6 41.Rc7+ Kd5 42.Rxc5+ Kxc5 43.b7 Kd5 44.h4 Ke6 45.Rb5 Kd6
46.Kxf5 Kc7 47.Kf6 h5 48.Ke7 Kc6 49.Rb4 Kd5 50.Kd7 Ke4 51.Rxc4+
Kd3 52.Rb4 Kxc3 53.Rb3+ 1-0

[White "Tuma, Jakub"]
[Black "Dvorak, Jan"]
[WhiteElo "2305"]
[BlackElo "2175"]
[Result "1-0"]
[Date "2010.11.28"]